On This Day: August 19th Quiz Stats

 Plays Quiz Updated Aug 19, 2017

Support Sporcle.
Go Orange.
Score 0/7 Timer 03:00
2 Plays Today
Question Answer Wrong Answers
Patriarch Sergius of Moscow issues a controversial Appeal to the Faithful to mend the relationship between the ______ and the Soviet government.
1927
Russian Orthodox Church
85.4%
Russian Catholic Church
7.3%
Russian Baptist Church
1.4%
Church of Russia
3.7%
In Belgrade, Yugoslavia, tens of thousands of Serbians rally to demand the resignation of this man, the President of the Federal Republic of Yugoslavia.
1999
Slobodan Milošević
83.4%
Radovan Karadžić
5.6%
Ratko Mladić
4.2%
Franjo Tuđman
2.6%
The Viet Minh, led by this man, take power in Hanoi, Vietnam as part of the August Revolution.
1945
Ho Chi Minh
82.4%
Ngo Dinh Diem
3.3%
Pol Pot
9.3%
Nguyễn Phú Trọng
2%
The CIA and MI6 help to overthrow the government of Mohammad Mosaddegh in ______ and reinstate the Shah Mohammad Reza Pahlavi.
1953
Iran
76.1%
Afghanistan
6.8%
Saudi Arabia
10.2%
Qatar
3.3%
This French fashion designer, the only fashion designer listed on TIME magazine's list of the 100 most influential people of the 20th century, is born.
1883
Coco Chanel
75.9%
Yves Saint Laurent
13%
Christian Dior
10%
Marc Jacobs
1.1%
The first-ever joint military exercise between China and this neighboring country, called Peace Mission 2005, begins.
2005
Russia
45.5%
Mongolia
24%
Kazakhstan
3.8%
India
22.2%
Operation ______ ends, with the last of the United States brigade combat teams crossing the border to Kuwait.
2010
Iraqi Freedom
25%
Enduring Freedom
17.1%
Desert Storm
44%
Desert Shield
9.2%

From the Vault

Bands' Highest Charting Albums: 1990s

by hatefulmissy

Music 5m
Journey back to a decade where record stores were still thriving.
Remove Ads.
Support Sporcle.
Get the best of Sporcle when you Go Orange. This ad-free experience offers more features, more stats, and more fun while also helping to support Sporcle. Thank you for becoming a member.

Show Comments

Extras

Top Quizzes Today


Score Distribution

Your Account Isn't Verified!

In order to create a playlist on Sporcle, you need to verify the email address you used during registration. Go to your Sporcle Settings to finish the process.

Report this User

Report this user for behavior that violates our Community Guidelines.

Details: